Statistics for Top 30 Slavery Films (IMDB)

Click here to take the quiz!

General Stats

  • This quiz has been taken 29 times
  • The average score is 4 of 31

Answer Stats

FilmYearIMDB% Correct
12 Years a Slave20138.1
88%
Django Unchained20128.4
76%
Gone with the Wind19398.2
36%
Gladiator20008.5
32%
Spartacus19607.9
28%
Amistad19977.3
24%
Ben-Hur19598.1
24%
Ben-Hur: A Tale of the Christ19257.8
24%
Glory19897.8
24%
The Ten Commandments19567.9
20%
Lincoln20127.3
12%
Abe Lincoln in Illinois19407.3
0%
Aferim!20157.6
0%
Amazing Grace20067.4
0%
Belle20137.3
0%
Bilal: A New Breed of Hero20157.7
0%
Buoyancy20197.3
0%
Captain Blood19357.7
0%
Chatrapathi20057.6
0%
Cloud Atlas20127.4
0%
Joseph and the Amazing Technicolor Dreamcoat19997.2
0%
K.G.F: Chapter 120188.2
0%
K.G.F: Chapter 220228.4
0%
Manderlay20057.2
0%
Manjhi: The Mountain Man20158.0
0%
Paradesi20138.0
0%
Sansho the Bailiff19548.4
0%
Srimanthudu20157.5
0%
The Autobiography of Miss Jane Pittman19747.8
0%
The Northman20227.2
0%
Vidheyan19948.2
0%

Score Distribution

Percentile by Number Answered

Percent of People with Each Score

Your Score History

You have not taken this quiz